[Event "AUTO-OPEN-3441"]
[Site "http://www.queenalice.com/game.php?id=1343537"]
[Date "2015.2.23"]
[Round "1"]
[White "BlackKnight72"]
[Black "Mighty_Manu"]
[Result "0-1"]
[WhiteElo "1695"]
[BlackElo "1674"]

1. e4 c5 2. Nf3 Nc6 3. d3 d5 4. exd5 Qxd5 5. Be2 Nf6 6. O-O e5 7. Be3 Bg4 8. Nc3
Qd6 9. Nb5 Qd7 10. a3 Bxf3 11. Bxf3 a6 12. Nc3 Bd6 13. Qd2 O-O 14. h3 Qc7 15.
Rfd1 e4 16. Nxe4 Bh2+ 17. Kh1 Nxe4 18. Bxe4 Be5 19. c3 Rad8 20. Qe2 Rd7 21. f4
Bxf4 22. Bxf4 Qxf4 23. Rf1 Qc7 24. Rf5 Qg3 25. Raf1 Ne7 26. Rxc5 Rfd8 27. Qf3
Qxf3 28. Rxf3 Nc6 29. Bxc6 bxc6 30. d4 Re7 31. Rxc6 h5 32. Rxa6 h4 33. b4 g5 34.
Rf5 Re3 35. Rxg5+ Kf8 36. Rc6 Rde8 37. a4 Re1+ 38. Kh2 Rd1 39. a5 Ree1 40. Rc8+
Ke7 41. a6 Rh1# 0-1

[Event "AUTO-OPEN-3441"]
[Site "http://www.queenalice.com/game.php?id=1343538"]
[Date "2015.2.23"]
[Round "1"]
[White "Mighty_Manu"]
[Black "Wildhagen"]
[Result "1-0"]
[WhiteElo "1681"]
[BlackElo "1646"]

1. e4 e5 2. c3 Bc5 3. d4 Bd6 4. Bc4 Nf6 5. Nf3 Nxe4 6. Qd3 Nf6 7. Ng5 e4 8.
Bxf7+ Ke7 9. Qc4 h6 10. Nxe4 Nxe4 11. O-O Na6 12. Re1 Kf8 13. Rxe4 Be7 14. Rf4
g5 15. Bg6+ 1-0

[Event "AUTO-OPEN-3441"]
[Site "http://www.queenalice.com/game.php?id=1343539"]
[Date "2015.2.23"]
[Round "1"]
[White "Wildhagen"]
[Black "Mighty_Manu"]
[Result "0-1"]
[WhiteElo "1524"]
[BlackElo "1691"]

1. e4 b6 2. Bc4 Bb7 3. Nc3 e6 4. Nf3 Bc5 5. O-O Ne7 6. d3 d5 7. Bb3 d4 8. Nb5 a6
9. Na3 Bxa3 10. bxa3 Nbc6 11. Bg5 f6 12. Bh4 Qd6 13. Bg3 e5 14. c4 dxc3 15. h3
O-O-O 16. Nh4 Qxa3 0-1

[Event "AUTO-ADV-3375"]
[Site "http://www.queenalice.com/game.php?id=1347715"]
[Date "2015.3.16"]
[Round "1"]
[White "forever"]
[Black "Mighty_Manu"]
[Result "1-0"]
[WhiteElo "1910"]
[BlackElo "1721"]

1. c4 f5 2. Nf3 Nf6 3. d4 d5 4. e3 g6 5. Bd3 Bg7 6. Qc2 Nc6 7. Nc3 e6 8. O-O Qd6
9. Nb5 Qd7 10. a3 a6 11. Ne5 Nxe5 12. dxe5 Ng4 13. cxd5 exd5 14. Nxc7+ Ke7 15.
Qc5+ Kd8 16. Nxa8 Nxe5 17. Nb6 Qc6 18. Qxd5+ Qxd5 19. Nxd5 Nxd3 20. Rb1 Be6 21.
Rd1 Nc5 22. b4 Nd7 23. Bb2 Bxb2 24. Rxb2 Rf8 25. Rbd2 Bxd5 26. Rxd5 Rf7 27. g3
Ke8 28. Kg2 Nb6 29. Rd8+ Ke7 30. Kf3 Nc4 31. R8d7+ Kf6 32. Rxf7+ Kxf7 33. Rd7+
Ke6 34. Rxb7 Nxa3 35. Rb6+ Ke5 36. Rxa6 Nc4 37. b5 Nd2+ 38. Ke2 Ne4 39. b6 g5
40. f3 Nc3+ 41. Kd3 Nd5 42. Ra5 h5 43. b7 f4 44. Rxd5+ Kxd5 45. b8=Q fxe3 46.
Qe8 g4 47. Qxe3 gxf3 48. Qxf3+ Ke5 49. Qf4+ Kd5 50. Qe4+ Kc5 51. Qd4+ Kc6 52.
Kc4 Kc7 53. Kc5 Kb8 54. Qd7 Ka8 55. Kb6 h4 56. Qb7# 1-0

[Event "AUTO-ADV-3375"]
[Site "http://www.queenalice.com/game.php?id=1347716"]
[Date "2015.3.16"]
[Round "1"]
[White "Mighty_Manu"]
[Black "forever"]
[Result "0-1"]
[WhiteElo "1696"]
[BlackElo "1917"]

1. d4 d6 2. d5 c6 3. e4 e6 4. Bc4 b5 5. Bb3 Nf6 6. Qf3 Nbd7 7. dxc6 Ne5 8. Qf4
Nxc6 9. Nf3 Be7 10. O-O O-O 11. Nc3 a6 12. Rd1 e5 13. Qg3 Nh5 14. Bxf7+ Rxf7 15.
Qxg7+ Rxg7 16. Rxd6 Qxd6 17. Nxe5 Nxe5 18. Nd5 Nf3+ 19. Kf1 Qxh2 20. Bg5 Rxg5
21. g4 Bxg4 22. Nf6+ Nxf6 23. c4 Nxe4 24. c5 Qxf2# 0-1

[Event "AUTO-ADV-3375"]
[Site "http://www.queenalice.com/game.php?id=1347731"]
[Date "2015.3.16"]
[Round "1"]
[White "Mighty_Manu"]
[Black "erivaldoadao"]
[Result "0-1"]
[WhiteElo "1694"]
[BlackElo "1629"]

1. d4 d5 2. Nf3 Nc6 3. Nc3 Nf6 4. Bf4 a6 5. Qd3 e6 6. O-O-O Bd6 7. Bxd6 Qxd6 8.
e4 dxe4 9. Nxe4 Nxe4 10. Qxe4 O-O 11. Bc4 b5 12. d5 exd5 13. Bxd5 Qh6+ 14. Kb1
Bb7 15. Bxc6 Bxc6 16. Qh4 Qxh4 17. Nxh4 Rad8 18. Nf5 Bxg2 19. Rhg1 g6 20. Rxd8
Rxd8 21. a3 Be4 22. Ne7+ Kf8 23. Re1 Kxe7 24. Rxe4+ Kf6 25. f4 Rd1+ 26. Ka2 Rd2
27. h4 Rxc2 28. Kb3 Rh2 29. Re8 Rxh4 30. Ra8 Rxf4 31. Rxa6+ Ke5 32. Rc6 h5 33.
Rxc7 h4 34. Rc5+ Kd6 35. Rxb5 h3 36. Rb8 g5 37. Rh8 g4 38. a4 Rf5 39. Kb4 Rf2
40. b3 h2 41. a5 Rf4+ 42. Kb5 Rf5+ 43. Kb6 Rxa5 44. Kxa5 g3 45. b4 g2 46. Rxh2
g1=Q 47. Rh6+ Kc7 48. b5 Qa1+ 49. Kb4 Qd4+ 50. Kb3 Qe3+ 51. Kc4 Qxh6 52. b6+
Qxb6 53. Kd5 f5 54. Ke5 Qc5+ 55. Kf6 Kd7 56. Kg5 Ke6 57. Kf4 Kf6 58. Kf3 Kg5 59.
Ke2 Qc3 60. Kf2 Qe5 61. Kf3 f4 62. Kf2 Kg4 63. Kg2 f3+ 64. Kf2 Qe2+ 65. Kg1 Qg2#
0-1

[Event "AUTO-ADV-3375"]
[Site "http://www.queenalice.com/game.php?id=1347732"]
[Date "2015.3.16"]
[Round "1"]
[White "erivaldoadao"]
[Black "Mighty_Manu"]
[Result "1-0"]
[WhiteElo "1667"]
[BlackElo "1705"]

1. d4 f5 2. Nf3 e6 3. c4 Nc6 4. Nc3 Bb4 5. Bd2 a5 6. e3 Nf6 7. Bd3 b6 8. O-O O-O
9. a3 Bxc3 10. Bxc3 Bb7 11. d5 Ne7 12. Bxf6 Rxf6 13. dxe6 dxe6 14. Ne5 f4 15.
exf4 Rxf4 16. Qc2 g6 17. Rad1 Rd4 18. h3 Nc6 19. Ng4 Kg7 20. Be2 Rxd1 21. Rxd1
Qg5 22. Rd7+ Ne7 23. f3 Bc8 24. Rxc7 Qf4 25. Rxe7+ Kf8 26. Rxh7 g5 27. Qg6 Qc1+
28. Kf2 Qf4 29. Qg7+ Ke8 30. Qe7# 1-0

[Event "AUTO-ADV-3375"]
[Site "http://www.queenalice.com/game.php?id=1347733"]
[Date "2015.3.16"]
[Round "1"]
[White "Mighty_Manu"]
[Black "Paked"]
[Result "0-1"]
[WhiteElo "1696"]
[BlackElo "1964"]

1. d4 d5 2. b3 Nf6 3. Bb2 e6 4. Nf3 c5 5. Nbd2 Nc6 6. c4 dxc4 7. bxc4 cxd4 8. a3
Bc5 9. e3 dxe3 10. Nb3 exf2+ 11. Ke2 Qxd1+ 12. Rxd1 Bb6 13. c5 Bc7 14. Kxf2 Ng4+
15. Kg1 O-O 16. Bc1 b6 17. Bb5 Bb7 18. Rd7 Rfd8 19. Rxc7 Rd1+ 20. Bf1 Ba6 21.
Nfd2 Na5 22. cxb6 Nxb3 23. Rc2 Nxd2 24. g3 Rxf1+ 25. Kg2 Ne3+ 26. Kh3 Rf6 27.
Kh4 Nf3+ 28. Kh5 Rf5# 0-1

[Event "AUTO-ADV-3375"]
[Site "http://www.queenalice.com/game.php?id=1347734"]
[Date "2015.3.16"]
[Round "1"]
[White "Paked"]
[Black "Mighty_Manu"]
[Result "1-0"]
[WhiteElo "1836"]
[BlackElo "1691"]

1. e4 e6 2. d4 a6 3. Nf3 d5 4. e5 Nc6 5. Be2 f6 6. O-O fxe5 7. dxe5 h6 8. Be3 g5
9. Nd4 h5 10. Bxh5+ Rxh5 11. Qxh5+ Kd7 12. Bxg5 Be7 13. Nxe6 Kxe6 14. Qg6+ Kd7
15. Rd1 Qf8 16. Rxd5+ Bd6 17. e6# 1-0

[Event "AUTO-INT-2971"]
[Site "http://www.queenalice.com/game.php?id=1348007"]
[Date "2015.3.17"]
[Round "1"]
[White "erivaldoadao"]
[Black "Mighty_Manu"]
[Result "0-1"]
[WhiteElo "1683"]
[BlackElo "1689"]

1. d4 d6 2. e4 b6 3. Nf3 Bb7 4. Nc3 Na6 5. Be3 Nf6 6. Bd3 e6 7. O-O Be7 8. a3 c5
9. dxc5 dxc5 10. Bxa6 Bxa6 11. Qxd8+ Rxd8 12. Rfd1 Be2 13. Rxd8+ Bxd8 14. Ne5
Ba6 15. Nc6 O-O 16. Nxa7 Bb7 17. f3 Re8 18. Nab5 Be7 19. e5 Nd5 20. Nxd5 Bxd5
21. Nc7 Rd8 22. b3 Bb7 23. Nb5 f6 24. exf6 Bxf6 25. a4 Bxa1 26. Nc7 Rd1+ 27. Kf2
Bd4 28. Nxe6 Bxe3+ 0-1

[Event "AUTO-INT-2971"]
[Site "http://www.queenalice.com/game.php?id=1348008"]
[Date "2015.3.17"]
[Round "1"]
[White "Mighty_Manu"]
[Black "erivaldoadao"]
[Result "1-0"]
[WhiteElo "1687"]
[BlackElo "1705"]

1. d4 d5 2. Bf4 Nf6 3. Nf3 e6 4. a3 Bd6 5. Bxd6 Qxd6 6. e3 O-O 7. Bd3 b6 8. O-O
c5 9. Nc3 c4 10. Be2 Bd7 11. Ne5 Nc6 12. Qd2 Rab8 13. Nb5 Qe7 14. Nxc6 Bxc6 15.
a4 a6 16. Nc3 b5 17. a5 Qd7 18. h3 b4 19. Nd1 Ne4 20. Qe1 c3 21. bxc3 b3 22.
Bxa6 bxc2 23. f3 cxd1=Q 24. Qxd1 Nxc3 25. Qc2 Nb5 26. Rfb1 g6 27. Rb3 Nd6 28.
Bd3 Rxb3 29. Qxb3 Rc8 30. a6 Bb5 31. a7 Bxd3 32. a8=Q Rxa8 33. Rxa8+ Kg7 34.
Qxd3 Nc4 35. Qb3 Qe7 36. Qb8 Nxe3 37. Qe5+ 1-0

[Event "AUTO-INT-2971"]
[Site "http://www.queenalice.com/game.php?id=1348019"]
[Date "2015.3.17"]
[Round "1"]
[White "Mulder"]
[Black "Mighty_Manu"]
[Result "0-1"]
[WhiteElo "1651"]
[BlackElo "1675"]

1. d4 Nf6 2. c4 d5 3. cxd5 Nxd5 4. e4 Nb6 5. Nc3 Nc6 6. Be3 e5 7. d5 Ne7 8. Nf3
Bg4 9. Bb5+ c6 10. Be2 f6 11. d6 Ng6 12. Bc5 Nd7 13. b4 Qb8 14. Nxe5 Bxe2 15.
Nxd7 Bxd6 16. Bxd6 Bxd1 17. Nxb8 Bg4 18. h3 Be6 19. O-O-O Nf4 20. Bxf4 O-O 21.
h4 h6 22. f3 g5 23. hxg5 hxg5 24. Bd6 Raxb8 25. Bxb8 Rxb8 26. Rd6 Kf7 27. e5 Re8
28. Ne4 f5 29. Nxg5+ Ke7 30. Rxe6+ Kf8 31. Rxe8+ Kxe8 32. Rh7 Kd8 33. e6 b6 34.
g4 fxg4 35. fxg4 Kc8 36. Rxa7 Kb8 37. Rh7 c5 38. e7 Kc7 39. e8=Q+ Kd6 40. Qe4
cxb4 41. Qxb4+ Kd5 42. Qxb6 Kc4 43. Kc2 Kd5 44. Qb4 Ke5 45. Rf7 Kd5 46. Qe1 Kd4
47. Rd7+ Kc4 48. Qc3+ Kb5 49. Rd8 Kb6 50. Rb8+ Ka7 51. Rb4 Ka6 0-1

[Event "AUTO-INT-2971"]
[Site "http://www.queenalice.com/game.php?id=1348020"]
[Date "2015.3.17"]
[Round "1"]
[White "Mighty_Manu"]
[Black "Mulder"]
[Result "0-1"]
[WhiteElo "1713"]
[BlackElo "1628"]

1. d4 e6 2. e4 d5 3. e5 c5 4. Nf3 Nc6 5. Be2 cxd4 6. Nxd4 Nxe5 7. O-O Nf6 8. Re1
Bd6 9. f4 Nc6 10. Nxc6 bxc6 11. Bg4 O-O 12. Nc3 Qb6+ 13. Kh1 Rb8 14. Be3 Qxb2
15. Bxa7 Qxc3 16. Re3 Qc4 17. Be2 Qxf4 18. g3 Qb4 19. Rb3 Qe4+ 20. Bf3 Qe5 21.
Bxb8 Bxb8 22. Rab1 Ba7 23. Ra3 Bc5 24. Ra5 Qd6 25. Be2 e5 26. Ra8 Ne4 27. Qc1
Nf2+ 28. Kg2 Bh3+ 29. Kg1 Nd3+ 30. Kh1 Nxc1 31. Rxc1 Rxa8 32. Bh5 Rxa2 33. c4
Bg2# 0-1

[Event "AUTO-INT-2971"]
[Site "http://www.queenalice.com/game.php?id=1348027"]
[Date "2015.3.17"]
[Round "1"]
[White "Mighty_Manu"]
[Black "Football_rules"]
[Result "1-0"]
[WhiteElo "1704"]
[BlackElo "1532"]

1. d4 d5 2. Nc3 e6 3. Nf3 Nc6 4. Bf4 h6 5. Qd2 Nf6 6. O-O-O Be7 7. e3 Bd7 8. g3
Bb4 9. a3 Ba5 10. Ne5 Nxe5 11. Bxe5 1-0

[Event "AUTO-INT-2971"]
[Site "http://www.queenalice.com/game.php?id=1348028"]
[Date "2015.3.17"]
[Round "1"]
[White "Football_rules"]
[Black "Mighty_Manu"]
[Result "0-1"]
[WhiteElo "1523"]
[BlackElo "1713"]

1. e4 c5 2. Bc4 e6 3. Nf3 g6 4. Nc3 Bg7 5. Ne2 d5 6. exd5 exd5 7. Bb3 Bd7 8.
Bxd5 Nc6 9. h3 Nf6 10. Bb3 Qc7 0-1

[Event "AUTO-INT-2971"]
[Site "http://www.queenalice.com/game.php?id=1368221"]
[Date "2015.6.29"]
[Round "2"]
[White "botafoguense"]
[Black "Mighty_Manu"]
[Result "1-0"]
[WhiteElo "1620"]
[BlackElo "1694"]

1. d4 d5 2. Nd2 Nf6 3. f3 Nc6 4. c3 Be6 5. Nb3 h6 6. Qd3 Qd7 7. Bf4 O-O-O 8. Nc5
Qe8 9. O-O-O Nd7 10. g4 Nxc5 11. dxc5 g5 12. Bg3 Bg7 13. Bf2 Ne5 14. Qd4 Qb5 15.
Kb1 Nc4 16. Rd2 Bxd4 17. Bxd4 Nxd2+ 18. Kc2 Nxf1 19. h3 f6 20. b3 Ng3 21. Rh2
Rhf8 22. a4 Bf5+ 23. Kb2 Qa5 24. e4 dxe4 25. Rg2 Nf1 26. gxf5 exf3 27. Nxf3 Qa6
28. c4 Qc6 29. Rf2 Ng3 30. Be3 Nxf5 31. Nd4 Nxd4 32. Kc3 Qxc5 33. b4 Qe5 34. Bd2
1-0

[Event "AUTO-INT-2971"]
[Site "http://www.queenalice.com/game.php?id=1368222"]
[Date "2015.6.29"]
[Round "2"]
[White "Mighty_Manu"]
[Black "botafoguense"]
[Result "1-0"]
[WhiteElo "1677"]
[BlackElo "1691"]

1. e4 d6 2. d4 b6 3. f3 Bd7 4. Be3 Bc6 5. Nc3 a6 6. d5 Bb7 7. Bd3 Qd7 8. Qe2 c6
9. O-O-O c5 10. Nh3 e5 11. Qf2 f6 12. f4 h6 13. fxe5 dxe5 14. Qf3 Qf7 15. Be2
Nd7 16. d6 Qe6 17. Qh5+ Kd8 18. Bg4 Qe8 19. Qxe8+ Kxe8 20. Rd2 Bc6 21. Rhd1 h5
22. Bxd7+ Bxd7 23. Nd5 Bxd6 24. Nxb6 Ra7 25. Rxd6 Nh6 26. Nxd7 Nf7 27. Re6+ Kd8
28. Nxc5+ Kc8 29. Nxa6 Rb7 30. Rc6+ 1-0

[Event "AUTO-INT-2971"]
[Site "http://www.queenalice.com/game.php?id=1368225"]
[Date "2015.6.29"]
[Round "2"]
[White "BOTAFOGONISSO"]
[Black "Mighty_Manu"]
[Result "1-0"]
[WhiteElo "1691"]
[BlackElo "1693"]

1. d4 e6 2. e4 d6 3. Nf3 Qe7 4. Nc3 Bd7 5. e5 Nc6 6. Nb5 O-O-O 7. Bg5 f6 8. Bh4
g5 9. exf6 Nxf6 10. Bxg5 Bg7 11. a3 h6 12. Bh4 Kb8 13. Nd2 a6 14. Nc3 Nxd4 15.
Nde4 Nf5 16. g3 Nxe4 17. Bxe7 1-0

[Event "AUTO-INT-2971"]
[Site "http://www.queenalice.com/game.php?id=1368226"]
[Date "2015.6.29"]
[Round "2"]
[White "Mighty_Manu"]
[Black "BOTAFOGONISSO"]
[Result "0-1"]
[WhiteElo "1711"]
[BlackElo "1673"]

1. c4 c5 2. g3 e5 3. Bg2 Nc6 4. Bxc6 dxc6 5. Nc3 Nf6 6. f3 Bd6 7. e4 O-O 8. Nge2
Rb8 9. d3 b5 10. cxb5 cxb5 11. Bg5 h6 12. Bxf6 Qxf6 13. Nd5 Qxf3 14. Rf1 Qh5 15.
h4 Bb7 16. Nec3 Qxd1+ 0-1